000 00467cam a2200193ua 4500
001 2454
005 20260515113512.0
008 110817n ii |||gr||||Z||||||eng
040 _cMAIN
082 _a398.054162
100 1 _aBarkataki, S.,
_eAuthor.
245 1 _aAssam at a Glance
_cby. S. Barkataki
250 _a1st.
260 _aGuahati:
_bBani prokash,981.
300 _a103p:
_bill;
_c23cm.
653 _aFolklore
653 _aAssamese culture
942 _cBK
999 _c2309
_d2309